01235nam a2200241Ia 4500001000600000003000900006008004100015040001300056040001300069041001300082100002200095100002900117245004800146245005000194250001100244260000900255260002400264260004900288300005800337500054000395650002700935650003100962C7488IT-RoPAU130308s9999 xx 000 0 und d aIT-RoPAU cIT-RoPAU aITALIANO aCosulich Callisto gCodice Aut. SPICS: 7749 aFilm di denuncia: la società sotto accusa bCapolavori raccontano un Secolo di Cinema (I) a1a ed. aALBA bPeriodici San Paolo c1994 [1° Ed.:1994 - Ed.Ling.Originale:1994] a"16 p. (prefazione: no ; testo: 16 [pagine: 85-100])" aNel Segno della Liberta': Denuncia: un Genere Minoritario che Diventa un Filone importante della Cinematografia. Schede e Note Critiche dei Film: Monsieur Verdoux (1947) di Charles Chaplin, L'Asso nella Manica (1951) di Billy Wilder, Non voglio morire (1958) di Robert Wise, le mani Sulla Città (1963) di Francesco Rosi, l'uomo di Marmo (1977) di Andrzej Wajda, Missing (1982) di Constantine Costa Gavras. Note biografiche di Chaplin, Giuseppe Ferrara, Andrzej Wajda, Costa Gavras. L'America Ai raggi X. Grande Stagione di Hollywood. aGENERI CINEMATOGRAFICI eCodice materia Spics: 6810